<?xml version="1.0" encoding="UTF-8"?>
<record
    xmlns:xsi="http://www.w3.org/2001/XMLSchema-instance"
    xsi:schemaLocation="http://www.loc.gov/MARC21/slim http://www.loc.gov/standards/marcxml/schema/MARC21slim.xsd"
    xmlns="http://www.loc.gov/MARC21/slim">

  <leader>00414nam a2200169Ia 4500</leader>
  <controlfield tag="008">230711s9999||||xx |||||||||||||| ||und||</controlfield>
  <datafield tag="020" ind1=" " ind2=" ">
    <subfield code="a">978-93-325-4252-5</subfield>
  </datafield>
  <datafield tag="041" ind1=" " ind2=" ">
    <subfield code="a">ENG</subfield>
  </datafield>
  <datafield tag="082" ind1=" " ind2=" ">
    <subfield code="a">621.3912</subfield>
    <subfield code="b">MA-D</subfield>
  </datafield>
  <datafield tag="100" ind1=" " ind2=" ">
    <subfield code="a">Mano,Morris M</subfield>
  </datafield>
  <datafield tag="245" ind1=" " ind2="0">
    <subfield code="a">Digital logic and computer design</subfield>
  </datafield>
  <datafield tag="250" ind1=" " ind2=" ">
    <subfield code="a">1st Ed.</subfield>
  </datafield>
  <datafield tag="260" ind1=" " ind2=" ">
    <subfield code="c">2016</subfield>
    <subfield code="a">New Delhi</subfield>
    <subfield code="b">Pearson</subfield>
  </datafield>
  <datafield tag="300" ind1=" " ind2=" ">
    <subfield code="a">545p.</subfield>
  </datafield>
  <datafield tag="650" ind1=" " ind2=" ">
    <subfield code="a">Computer Engineering</subfield>
  </datafield>
  <datafield tag="942" ind1=" " ind2=" ">
    <subfield code="c">BK</subfield>
  </datafield>
  <datafield tag="952" ind1=" " ind2=" ">
    <subfield code="0">0</subfield>
    <subfield code="1">0</subfield>
    <subfield code="4">0</subfield>
    <subfield code="7">0</subfield>
    <subfield code="8">C</subfield>
    <subfield code="a">MCL</subfield>
    <subfield code="b">MCL</subfield>
    <subfield code="d">0000-00-00</subfield>
    <subfield code="e">Krishna Book Distributors</subfield>
    <subfield code="g">659.00</subfield>
    <subfield code="i">KBD/2016-2017/960542808</subfield>
    <subfield code="l">0</subfield>
    <subfield code="o">621.3912 MA-D</subfield>
    <subfield code="p">36817</subfield>
    <subfield code="r">2023-08-17 14:05:30</subfield>
    <subfield code="w">2023-08-17</subfield>
    <subfield code="y">BK</subfield>
  </datafield>
  <datafield tag="952" ind1=" " ind2=" ">
    <subfield code="0">0</subfield>
    <subfield code="1">0</subfield>
    <subfield code="4">0</subfield>
    <subfield code="7">0</subfield>
    <subfield code="8">C</subfield>
    <subfield code="a">MCL</subfield>
    <subfield code="b">MCL</subfield>
    <subfield code="d">0000-00-00</subfield>
    <subfield code="e">Krishna Book Distributors</subfield>
    <subfield code="g">659.00</subfield>
    <subfield code="i">KBD/2016-2017/960542808</subfield>
    <subfield code="l">0</subfield>
    <subfield code="o">621.3912 MA-D</subfield>
    <subfield code="p">36818</subfield>
    <subfield code="r">2023-08-17 14:58:05</subfield>
    <subfield code="w">2023-08-17</subfield>
    <subfield code="y">BK</subfield>
  </datafield>
  <datafield tag="952" ind1=" " ind2=" ">
    <subfield code="0">0</subfield>
    <subfield code="1">0</subfield>
    <subfield code="4">0</subfield>
    <subfield code="7">0</subfield>
    <subfield code="8">C</subfield>
    <subfield code="a">MCL</subfield>
    <subfield code="b">MCL</subfield>
    <subfield code="d">0000-00-00</subfield>
    <subfield code="e">Krishna Book Distributors</subfield>
    <subfield code="g">659.00</subfield>
    <subfield code="i">KBD/2016-2017/960542808</subfield>
    <subfield code="l">0</subfield>
    <subfield code="o">621.3912 MA-D</subfield>
    <subfield code="p">36819</subfield>
    <subfield code="r">2023-08-17 14:58:05</subfield>
    <subfield code="w">2023-08-17</subfield>
    <subfield code="y">BK</subfield>
  </datafield>
  <datafield tag="952" ind1=" " ind2=" ">
    <subfield code="0">0</subfield>
    <subfield code="1">0</subfield>
    <subfield code="4">0</subfield>
    <subfield code="7">0</subfield>
    <subfield code="8">C</subfield>
    <subfield code="a">MCL</subfield>
    <subfield code="b">MCL</subfield>
    <subfield code="d">0000-00-00</subfield>
    <subfield code="e">Krishna Book Distributors</subfield>
    <subfield code="g">659.00</subfield>
    <subfield code="i">KBD/2016-2017/960542808</subfield>
    <subfield code="l">0</subfield>
    <subfield code="o">621.3912 MA-D</subfield>
    <subfield code="p">36820</subfield>
    <subfield code="r">2023-08-17 14:58:05</subfield>
    <subfield code="w">2023-08-17</subfield>
    <subfield code="y">BK</subfield>
  </datafield>
  <datafield tag="952" ind1=" " ind2=" ">
    <subfield code="0">0</subfield>
    <subfield code="1">0</subfield>
    <subfield code="4">0</subfield>
    <subfield code="7">0</subfield>
    <subfield code="8">C</subfield>
    <subfield code="a">MCL</subfield>
    <subfield code="b">MCL</subfield>
    <subfield code="d">0000-00-00</subfield>
    <subfield code="e">Krishna Book Distributors</subfield>
    <subfield code="g">659.00</subfield>
    <subfield code="i">KBD/2016-2017/960542808</subfield>
    <subfield code="l">0</subfield>
    <subfield code="o">621.3912 MA-D</subfield>
    <subfield code="p">36821</subfield>
    <subfield code="r">2023-08-17 14:58:05</subfield>
    <subfield code="w">2023-08-17</subfield>
    <subfield code="y">BK</subfield>
  </datafield>
  <datafield tag="952" ind1=" " ind2=" ">
    <subfield code="0">0</subfield>
    <subfield code="1">0</subfield>
    <subfield code="4">0</subfield>
    <subfield code="7">0</subfield>
    <subfield code="8">C</subfield>
    <subfield code="a">MCL</subfield>
    <subfield code="b">MCL</subfield>
    <subfield code="d">0000-00-00</subfield>
    <subfield code="e">Krishna Book Distributors</subfield>
    <subfield code="g">659.00</subfield>
    <subfield code="i">KBD/2016-2017/960542808</subfield>
    <subfield code="l">3</subfield>
    <subfield code="o">621.3912 MA-D</subfield>
    <subfield code="p">36822</subfield>
    <subfield code="r">2025-09-18 10:15:32</subfield>
    <subfield code="s">2025-09-08</subfield>
    <subfield code="w">2023-08-17</subfield>
    <subfield code="y">BK</subfield>
  </datafield>
  <datafield tag="952" ind1=" " ind2=" ">
    <subfield code="0">0</subfield>
    <subfield code="1">0</subfield>
    <subfield code="4">0</subfield>
    <subfield code="7">0</subfield>
    <subfield code="8">C</subfield>
    <subfield code="a">MCL</subfield>
    <subfield code="b">MCL</subfield>
    <subfield code="d">0000-00-00</subfield>
    <subfield code="e">Krishna Book Distributors</subfield>
    <subfield code="g">659.00</subfield>
    <subfield code="i">KBD/2016-2017/960542808</subfield>
    <subfield code="l">2</subfield>
    <subfield code="o">621.3912 MA-D</subfield>
    <subfield code="p">36823</subfield>
    <subfield code="r">2025-08-27 12:30:09</subfield>
    <subfield code="s">2025-08-27</subfield>
    <subfield code="w">2023-08-17</subfield>
    <subfield code="y">BK</subfield>
  </datafield>
  <datafield tag="952" ind1=" " ind2=" ">
    <subfield code="0">0</subfield>
    <subfield code="1">0</subfield>
    <subfield code="4">0</subfield>
    <subfield code="7">0</subfield>
    <subfield code="8">C</subfield>
    <subfield code="a">MCL</subfield>
    <subfield code="b">MCL</subfield>
    <subfield code="d">0000-00-00</subfield>
    <subfield code="e">Krishna Book Distributors</subfield>
    <subfield code="g">659.00</subfield>
    <subfield code="i">KBD/2016-2017/960542808</subfield>
    <subfield code="l">1</subfield>
    <subfield code="o">621.3912 MA-D</subfield>
    <subfield code="p">36824</subfield>
    <subfield code="r">2025-08-27 12:08:38</subfield>
    <subfield code="s">2025-08-04</subfield>
    <subfield code="w">2023-08-17</subfield>
    <subfield code="y">BK</subfield>
  </datafield>
  <datafield tag="952" ind1=" " ind2=" ">
    <subfield code="0">0</subfield>
    <subfield code="1">0</subfield>
    <subfield code="4">0</subfield>
    <subfield code="7">0</subfield>
    <subfield code="8">C</subfield>
    <subfield code="a">MCL</subfield>
    <subfield code="b">MCL</subfield>
    <subfield code="d">0000-00-00</subfield>
    <subfield code="e">Krishna Book Distributors</subfield>
    <subfield code="g">659.00</subfield>
    <subfield code="i">KBD/2016-2017/960542808</subfield>
    <subfield code="l">0</subfield>
    <subfield code="o">621.3912 MA-D</subfield>
    <subfield code="p">36825</subfield>
    <subfield code="r">2023-08-17 14:58:05</subfield>
    <subfield code="w">2023-08-17</subfield>
    <subfield code="y">BK</subfield>
  </datafield>
  <datafield tag="952" ind1=" " ind2=" ">
    <subfield code="0">0</subfield>
    <subfield code="1">0</subfield>
    <subfield code="4">0</subfield>
    <subfield code="7">0</subfield>
    <subfield code="8">C</subfield>
    <subfield code="a">MCL</subfield>
    <subfield code="b">MCL</subfield>
    <subfield code="d">0000-00-00</subfield>
    <subfield code="e">Krishna Book Distributors</subfield>
    <subfield code="g">659.00</subfield>
    <subfield code="i">KBD/2016-2017/960542808</subfield>
    <subfield code="l">0</subfield>
    <subfield code="o">621.3912 MA-D</subfield>
    <subfield code="p">36826</subfield>
    <subfield code="r">2023-08-17 14:58:05</subfield>
    <subfield code="w">2023-08-17</subfield>
    <subfield code="y">BK</subfield>
  </datafield>
  <datafield tag="952" ind1=" " ind2=" ">
    <subfield code="0">0</subfield>
    <subfield code="1">0</subfield>
    <subfield code="4">0</subfield>
    <subfield code="7">0</subfield>
    <subfield code="8">C</subfield>
    <subfield code="a">MCL</subfield>
    <subfield code="b">MCL</subfield>
    <subfield code="d">0000-00-00</subfield>
    <subfield code="e">Krishna Book Distributors</subfield>
    <subfield code="g">659.00</subfield>
    <subfield code="i">KBD/2016-2017/960542808</subfield>
    <subfield code="l">1</subfield>
    <subfield code="o">621.3912 MA-D</subfield>
    <subfield code="p">36827</subfield>
    <subfield code="r">2024-12-20 12:51:17</subfield>
    <subfield code="s">2024-12-09</subfield>
    <subfield code="w">2023-08-17</subfield>
    <subfield code="y">BK</subfield>
  </datafield>
  <datafield tag="952" ind1=" " ind2=" ">
    <subfield code="0">0</subfield>
    <subfield code="1">0</subfield>
    <subfield code="4">0</subfield>
    <subfield code="7">0</subfield>
    <subfield code="8">C</subfield>
    <subfield code="a">MCL</subfield>
    <subfield code="b">MCL</subfield>
    <subfield code="d">0000-00-00</subfield>
    <subfield code="e">Krishna Book Distributors</subfield>
    <subfield code="g">659.00</subfield>
    <subfield code="i">KBD/2016-2017/960542808</subfield>
    <subfield code="l">1</subfield>
    <subfield code="o">621.3912 MA-D</subfield>
    <subfield code="p">36828</subfield>
    <subfield code="r">2025-10-16 15:31:21</subfield>
    <subfield code="s">2025-08-26</subfield>
    <subfield code="w">2023-08-17</subfield>
    <subfield code="y">BK</subfield>
  </datafield>
  <datafield tag="952" ind1=" " ind2=" ">
    <subfield code="0">0</subfield>
    <subfield code="1">0</subfield>
    <subfield code="4">0</subfield>
    <subfield code="7">0</subfield>
    <subfield code="8">C</subfield>
    <subfield code="a">MCL</subfield>
    <subfield code="b">MCL</subfield>
    <subfield code="d">0000-00-00</subfield>
    <subfield code="e">Krishna Book Distributors</subfield>
    <subfield code="g">659.00</subfield>
    <subfield code="i">KBD/2016-2017/960542808</subfield>
    <subfield code="l">6</subfield>
    <subfield code="o">621.3912 MA-D</subfield>
    <subfield code="p">36829</subfield>
    <subfield code="r">2024-12-24 09:27:11</subfield>
    <subfield code="s">2024-12-09</subfield>
    <subfield code="w">2023-08-17</subfield>
    <subfield code="y">BK</subfield>
  </datafield>
  <datafield tag="999" ind1=" " ind2=" ">
    <subfield code="c">6352</subfield>
    <subfield code="d">6352</subfield>
  </datafield>
</record>
